02617cab a2200241Ia 4500001000800000003000600008008004100014040000800055100002600063240009700089245019700186300001500383504002500398520164900423650003202072650001502104650001502119700002302134700002402157700002402181773008902205856008102294u192665SIRSI110607s2007 ua ss b eng d aEAL1 aAli, Abd El-Wahab M. 14aThe Second International Conference of Economic Entomology, 2007 v.1h[electronic resource].10aRate of development and reproductive potential of the black melon bug, Coridius (Aspongopvs) vidua tvs f. (Hemiptera: Pentatomidae) in relation to constant temperaturesh[electronic resource]. ap.445-452. aIncludes references. aThe effects of constant temperatures of 24. 28 and 32°C on tlle rate of development and survival of different stages of the black melon bug (BMB). C. viduatus as well as on the reproductive potential of the adult were studied. The data indicate that the longest time required for the insect to complete its life cycle (81.59 days) was recorded at 24°C. whereas the soonest period (34.45 days) was recorded at 32°e. The morality rates were 57.31%. 64.67% and 70.14% at 24. 28 and 32°C, respectively. The calculated developmental threshold from egg to adult emergence of the pest was abomI8.15°e. By using this value as a base temperature, an average of about 439.03 day-degrees was calculated for the pest to complete its life cycle. The oviposition period was 121.7, 118.7 and 73.50 days at 24. 28 and 32°C. respectively. The highest number of eggs (462.05 eggs/female) was obtained at 28°C, the lowest number (23.10 eggs/female) was recorded at 24°e. The duration of one generation (GT) of the pest lasted about 206.96. 129.02 and 87.54 days; the population of the pest had the capacity to double (DT) every 105.02.23.18 and 14.87 days; the reproductive rates (Ra) were about 3.97, 47.95 and 59.59 times witten a single generation; the values of the intrinsic rate of increase (rm) were 0.0066, 0.0299 and 0.0466. and the population of the pest had a capacity to multiply (A) about 1.0066. 1.0304 and 1.0478 times per female per day at 24. 28 and 32°e. respectively. The calculated biological parameters indicated t1Iat temperatures of 32°C seem to be the most favorable themal zone for the development and reproduction of this pest. 0aMelonsxDiseases and pests. 0aHemiptera. 0aStinkbugs.1 aNasser, Mohamed A.1 aGameel, Salah M. M.1 aEl-Hariry, Magdi A.0 tThe Second International Conference of Economic Entomology.g2007.v.17nnabwu19258140uhttp://nile.enal.sci.eg/EALE/2007/ICEE/Conf/107/445.pdfzFull Text Articles.